Dont Select Countries with A - Sudden Death - Statistics

General Stats
  • This quiz has been taken 37 times
  • The average score is 18 of 20
Answers on the Grid
Answers color-coded by a green-red scale on the quiz's grid according to % correct below.
Belgium
Chile
Canada
France
Egypt
Fiji
Germany
Greece
Mexico
Japan
Spain
Brazil
Morocco
Peru
Sweden
Russia
China
Turkey
Yemen
Italy
Benin
Congo
Cyprus
Poland
Norway
Czechia
Finland
Belize
Denmark
Burundi
Djibouti
Portugal
Lesotho
Vietnam
Togo
Luxembourg
 
Answer Stats
Answer % Correct
Belgium
100%
Chile
100%
Egypt
100%
Fiji
100%
Mexico
100%
Morocco
97%
Peru
97%
Sweden
97%
Turkey
94%
Benin
90%
Greece
90%
Congo
87%
Cyprus
87%
Yemen
87%
Belize
81%
Burundi
81%
Togo
81%
Djibouti
77%
Lesotho
74%
Luxembourg
74%
No matching quizzes found
Score Distribution
Percent of People with Each Score
Percentile by Number Answered
Your Score History
You have not taken this quiz